<?xml version="1.0" encoding="UTF-8"?><?xml-stylesheet type="text/xsl" href="static/style.xsl"?><OAI-PMH xmlns="http://www.openarchives.org/OAI/2.0/" xmlns:xsi="http://www.w3.org/2001/XMLSchema-instance" xsi:schemaLocation="http://www.openarchives.org/OAI/2.0/ http://www.openarchives.org/OAI/2.0/OAI-PMH.xsd"><responseDate>2026-04-29T17:03:09Z</responseDate><request verb="GetRecord" identifier="oai:repisalud.isciii.es:20.500.12105/23386" metadataPrefix="marc">https://repisalud.isciii.es/rest/oai/request</request><GetRecord><record><header><identifier>oai:repisalud.isciii.es:20.500.12105/23386</identifier><datestamp>2024-10-04T13:16:25Z</datestamp><setSpec>com_20.500.12105_15322</setSpec><setSpec>com_20.500.12105_2051</setSpec><setSpec>col_20.500.12105_16967</setSpec></header><metadata><record xmlns="http://www.loc.gov/MARC21/slim" xmlns:dcterms="http://purl.org/dc/terms/" xmlns:doc="http://www.lyncode.com/xoai" xmlns:xsi="http://www.w3.org/2001/XMLSchema-instance" xsi:schemaLocation="http://www.loc.gov/MARC21/slim http://www.loc.gov/standards/marcxml/schema/MARC21slim.xsd">
   <leader>00925njm 22002777a 4500</leader>
   <datafield ind2=" " ind1=" " tag="042">
      <subfield code="a">dc</subfield>
   </datafield>
   <datafield ind2=" " ind1=" " tag="720">
      <subfield code="a">Mascaró, Catalina M</subfield>
      <subfield code="e">author</subfield>
   </datafield>
   <datafield ind2=" " ind1=" " tag="720">
      <subfield code="a">Bouzas, Cristina</subfield>
      <subfield code="e">author</subfield>
   </datafield>
   <datafield ind2=" " ind1=" " tag="720">
      <subfield code="a">Montemayor, Sofía</subfield>
      <subfield code="e">author</subfield>
   </datafield>
   <datafield ind2=" " ind1=" " tag="720">
      <subfield code="a">Casares, Miguel</subfield>
      <subfield code="e">author</subfield>
   </datafield>
   <datafield ind2=" " ind1=" " tag="720">
      <subfield code="a">Gómez Cobo, Cristina</subfield>
      <subfield code="e">author</subfield>
   </datafield>
   <datafield ind2=" " ind1=" " tag="720">
      <subfield code="a">Ugarriza, Lucía</subfield>
      <subfield code="e">author</subfield>
   </datafield>
   <datafield ind2=" " ind1=" " tag="720">
      <subfield code="a">Borrás, Pere-Antoni</subfield>
      <subfield code="e">author</subfield>
   </datafield>
   <datafield ind2=" " ind1=" " tag="720">
      <subfield code="a">Martínez, José Alfredo</subfield>
      <subfield code="e">author</subfield>
   </datafield>
   <datafield ind2=" " ind1=" " tag="720">
      <subfield code="a">Tur, Josep A</subfield>
      <subfield code="e">author</subfield>
   </datafield>
   <datafield ind2=" " ind1=" " tag="260">
      <subfield code="c">2022-03-03</subfield>
   </datafield>
   <datafield ind2=" " ind1=" " tag="520">
      <subfield code="a">Background: A lifestyle with regular PA (physical activity) and Mediterranean diet has benefits on NAFLD (non-alcoholic fatty liver disease) and MetS (metabolic syndrome). Objectives: To assess the association between physical activity and NAFLD in adults with MetS. Design: Cross-sectional study in 155 participants (40−60 years old) from Balearic Islands and Navarra (Spain) with diagnosis of NAFLD and MetS, and BMI (body mass index) between 27 and 40 Kg/m2. Methods: PA level was categorized into two groups according to weekly METs (metabolic equivalents of tasks). PA was assessed using a validated Minnesota questionnaire and accelerometers. MetS parameters were assessed by blood collection analysis and NAFLD by abdominal MRI (magnetic resonance imaging). Results: Participants with high PA showed more energy expenditure and expended more calories than ingested (−143.9 Kcal/day; p &lt; 0.001). PA was a risk factor for AST (aspartate aminotransferase) (adjusted OR: 7.26; 95% CI: 1.79−29.40) and a protective factor for ALT (alanine aminotransferase) (adjusted OR: 0.24; 95% CI: 0.12−0.48), GGT (gamma-glutamyl transferase) (adjusted OR: 0.52; 95% CI: 0.29−0.94) and IFC-NMR (intrahepatic fat content by nuclear magnetic resonance) (adjusted OR: 0.26; 95% CI: 0.12−0.56) when sociodemographic confounders were considered. Conclusions: NAFLD patients with high PA showed more positive relationship on MetS parameters and liver profile (ALT, GGT, IFC-NMR) than subjects with low PA, but not for AST. Difference between calories ingested and expended influenced this relationship.</subfield>
   </datafield>
   <datafield ind1="8" ind2=" " tag="024">
      <subfield code="a">Mascaró CM, Bouzas C, Montemayor S, Casares M, Gómez C, Ugarriza L, et al. Association between Physical Activity and Non-Alcoholic Fatty Liver Disease in Adults with Metabolic Syndrome: The FLIPAN Study. Nutrients. 2022 Mar 3;14(5).</subfield>
   </datafield>
   <datafield ind1="8" ind2=" " tag="024">
      <subfield code="a">10.3390/nu14051063</subfield>
   </datafield>
   <datafield ind1="8" ind2=" " tag="024">
      <subfield code="a">2072-6643</subfield>
   </datafield>
   <datafield ind1="8" ind2=" " tag="024">
      <subfield code="a">Nutrients</subfield>
   </datafield>
   <datafield ind1="8" ind2=" " tag="024">
      <subfield code="a">http://hdl.handle.net/20.500.13003/18233</subfield>
   </datafield>
   <datafield ind1="8" ind2=" " tag="024">
      <subfield code="a">35268038</subfield>
   </datafield>
   <datafield ind1="8" ind2=" " tag="024">
      <subfield code="a">L2015883015</subfield>
   </datafield>
   <datafield ind1="8" ind2=" " tag="024">
      <subfield code="a">2-s2.0-85125960937</subfield>
   </datafield>
   <datafield ind1="8" ind2=" " tag="024">
      <subfield code="a">https://hdl.handle.net/20.500.12105/23386</subfield>
   </datafield>
   <datafield ind1="8" ind2=" " tag="024">
      <subfield code="a">771167400001</subfield>
   </datafield>
   <datafield ind2="0" ind1="0" tag="245">
      <subfield code="a">Association between Physical Activity and Non-Alcoholic Fatty Liver Disease in Adults with Metabolic Syndrome: The FLIPAN Study</subfield>
   </datafield>
</record></metadata></record></GetRecord></OAI-PMH>